• 首页
  • 本馆介绍
  • 公告通知
  • 最新文献
  • 馆藏检索
  • 电子资源
  • 读者导购
  • 参考咨询
  • 我的图书馆
  • 登录
  • 详细信息显示
  • 放入我的书架
  • 预约/预借图书
  • 作者相关作品
  • 分类相关作品
  • 丛书相关作品
  • 出版社相关作品

书目信息

  • 表格格式
  • 工作单格式
  • 卡片格式
题名:
创新效率动态演化
    
 
作者: 李向东 , 季庆庆 著
分册:  
出版信息: 北京   光明日报出版社  2014
页数: 235页
开本: 24cm
丛书名: 高校社科研究文库
单 册:
中图分类: F279.244.4
科图分类:
主题词: 高技术产业--技术革新--研究--中国
电子资源:
ISBN: 978-7-5112-5995-0
000 01104nam0 2200289 450
001 338397
005 20150602095517.82
010    @a978-7-5112-5995-0@dCNY48.00
100    @a20141103d2014 em y0chiy50 ea
101 0  @achi
102    @aCN@b110000
105    @ay z 000yy
106    @ar
200 1  @a创新效率动态演化@Achuang xin xiao lv dong tai yan hua@e基于中国高技术产业的实证研究@f李向东, 季庆庆著
210    @a北京@c光明日报出版社@d2014
215    @a235页@d24cm
225 1  @a高校社科研究文库
300    @a江苏省社会科学研究基金项目 江苏省软科学研究计划项目
330    @a全书共分为八章, 内容包括: 绪论、相关理论综述、创新效率与高技术产业的发展、中国高技术产业创新静态效率分析、基本结论、政策建议与展望等。
410  0 @12001 @a高校社科研究文库
517 1  @a基于中国高技术产业的实证研究@Aji yu zhong guo gao ji shu chan ye de shi zheng yan jiu
606 0  @a高技术产业@x技术革新@x研究@y中国
690    @aF279.244.4@v5
701  0 @a李向东@Ali xiang dong@f(1972)@4著
701  0 @a季庆庆@Aji qing qing@f(1979)@4著
801  0 @aCN@b卓展宏图@c20150525
905    @dF279.244.4@e1209@f4
    
    创新效率动态演化:基于中国高技术产业的实证研究/李向东, 季庆庆著.-北京:光明日报出版社,2014
    235页;24cm.-(高校社科研究文库)
    江苏省社会科学研究基金项目 江苏省软科学研究计划项目
    
    ISBN 978-7-5112-5995-0:CNY48.00
    全书共分为八章, 内容包括: 绪论、相关理论综述、创新效率与高技术产业的发展、中国高技术产业创新静态效率分析、基本结论、政策建议与展望等。
●
相关链接 在E读中查询图书 在五车中查询图书 在当当中查询图书 在豆瓣中查询图书


正题名:创新效率动态演化     索取号:F279.244.4/1209         预约/预借

序号 登录号 条形码 馆藏地/架位号 状态 备注
1 862020   208620205   第一样本阅览室/ [索取号:F279.244.4/1209] 在馆    
2 862021   208620214   第一借阅区/ [索取号:F279.244.4/1209] 在馆    
3 862022   208620223   第一借阅区/ [索取号:F279.244.4/1209] 在馆    
4 862023   208620232   密集书库-海洋学院/ [索取号:F279.244.4/1209] 在馆    
唐山师范学院图书馆 欢迎您!
大连网信软件有限公司© 版权所有